La emigración cubana y saharaui: entre la traición y la esperanza /
Guardat en:
| Autor principal: | |
|---|---|
| Altres autors: | |
| Format: | Text |
| Etiquetes: |
Afegir etiqueta
Sense etiquetes, Sigues el primer a etiquetar aquest registre!
|
MARC
| LEADER | 00000 a a2200000 04500 | ||
|---|---|---|---|
| 001 | 48663 | ||
| 003 | |||
| 040 | |||
| 100 | |a Gómez Martín, Carmen | ||
| 245 | |a La emigración cubana y saharaui: |b entre la traición y la esperanza / |c Carmen Gómez Martín, Ahmed Correa Alvarez | ||
| 700 | |a Correa Alvarez, Ahmed | ||
| 773 | |g volumen19, número51, (2015), páginas 83-98 | ||
| 999 | |c 31802 |d 31802 | ||
